Európa pre Slovákov - Slovensko pre Európanov

Salvato in:
Dettagli Bibliografici
Autore principale: Alner, Juraj
Natura: Libro
Lingua:slovacco
Pubblicazione: Bratislava Prvá slovenská reklamná spoločnosť 1999
Soggetti:
Tags: Aggiungi Tag
Nessun Tag, puoi essere il primo ad aggiungerne!!

MARC

LEADER 00000nam a2200000 4500
001 c115313
005 20221123132739.8
041 0 |a slo 
044 |a SK 
245 1 0 |a Európa pre Slovákov - Slovensko pre Európanov  |c Juraj Alner 
264 1 |a Bratislava  |b Prvá slovenská reklamná spoločnosť  |c 1999 
300 |a 79 s. 
610 2 0 |a Európska únia 
610 2 0 |a Európske spoločenstvá 
610 2 0 |a Slovensko 
610 2 0 |a globalizácia 
610 2 0 |a globalizácia hospodárstva 
610 2 0 |a suverenita 
610 2 0 |a národ 
610 2 0 |a mena 
610 2 0 |a trh euromenový 
610 2 0 |a trh spoločný 
610 2 0 |a trh svetový 
610 2 0 |a normy 
610 2 0 |a normy medzinárodné 
100 1 |a Alner, Juraj